000 01278nabaa22002657a 4500
999 _c6162
_d6162
003 OSt
005 20260123204144.0
008 190701b xxu||||| |||| 00| 0 spa d
040 _cPJ
100 _96907
_aCastro Videla, Santiago M.
245 1 0 _aDelegación legislativa en el Poder Ejecutivo :
_capuntes sobre las exigencias de validez de los reglamentos delegados /
_bSantiago M. Castro Videla, Santiago Maqueda Fourcade.
300 _ap. 18-69
500 _aCita: TR LALEY AR/DOC/444/2024
505 _aSumario: I. Introducción.— II. Preliminar: origen, evolución y estado actual del régimen constitucional de la delegación legislativa.— III. Régimen constitucional del reglamento delegado.
505 _t¿Te interesa el texto completo? Comunicate al correo: koha@justierradelfuego.gov.ar
650 0 _9211
_aDERECHO ADMINISTRATIVO
650 0 _9186
_aPODER LEGISLATIVO
650 0 _91282
_aFACULTADES DEL PODER LEGISLATIVO
650 0 _9761
_aPODER EJECUTIVO
650 0 _92053
_aFACULTADES DEL PODER EJECUTIVO
650 0 _9187
_aDELEGACION LEGISLATIVA
700 _96908
_aMaqueda Fourcade, Santiago
773 0 _02842
_93251
_dBuenos Aires : AbeledoPerrot, 2012-
_oDA121
_tDerecho administrativo. Nº 152 marzo/abril 2024
_z18510590
942 _2udc
_cANA